[Event "Kolkata DBCA op 5th"]
[Site "Kolkata"]
[Date "2024.04.12"]
[Round "3"]
[White "Ujan, Chanda"]
[Black "Arindam, Mukherjee"]
[Result "1/2-1/2"]
[WhiteElo "1721"]
[BlackElo "1990"]
[PlyCount "99"]
[EventDate "2024.04.11"]
[EventType "swiss"]
[EventRounds "9"]
[EventCountry "IND"]
[SourceTitle "CB17_2024"]
[SourceDate "2024.04.24"]
[SourceVersion "1"]
[SourceVersionDate "2024.04.24"]
[SourceQuality "1"]

1. d4 Nf6 2. Nf3 e6 3. Bg5 d5 4. c4 h6 5. Bxf6 Qxf6 6. cxd5 exd5 7. Nc3 c6 8. Rc1 Bb4 9. e3 0-0 10. h3 Re8 11. Bd3 Nd7 12. 0-0 Nf8 13. Na4 Ne6 14. Ne5 Bd6 15. f4 Nf8 16. Qc2 Qe7 17. Rce1 Qc7 18. a3 f6 19. Ng6 Be6 20. Nxf8 Bxf8 21. b4 a6 22. Nc5 Bf7 23. Qc3 Bd6 24. a4 Re7 25. a5 Rae8 26. Bc2 Kf8 27. Qd2 g6 28. f5 g5 29. Ne6+ Bxe6 30. fxe6 Rxe6 31. Bf5 Kg7 32. Bxe6 Rxe6 33. Rb1 Qe7 34. Rf3 h5 35. Rb3 Re4 36. Rf1 Qe6 37. Qf2 Kg6 38. g3 f5 39. Kg2 h4 40. gxh4 Rxh4 41. Rh1 Qe4+ 42. Kg1 f4 43. exf4 Rxf4 44. Qe3 Qxd4 45. Qxd4 Rxd4 46. Kg2 Bxb4 47. Rf1 c5 48. Rf8 Rd2+ 49. Kf1 Rd1+ 50. Kf2 1/2-1/2